[Event "NED-ch U16/18 Girls"]
[Site "Almelo"]
[Date "2022.05.07"]
[Round "7"]
[White "Ganeshram, Nirupa"]
[Black "Mensing, Luana"]
[Result "0-1"]
[WhiteElo "1546"]
[BlackElo "1604"]
[PlyCount "74"]
[EventDate "2022.05.01"]
[EventType "swiss"]
[EventRounds "9"]
[EventCountry "NED"]
[SourceTitle "EXT 2023"]
[Source "ChessBase"]
[SourceDate "2022.10.05"]
[SourceVersion "1"]
[SourceVersionDate "2022.10.05"]
[SourceQuality "1"]

1. e4 c5 2. Nc3 d6 3. f4 Nf6 4. Nf3 a6 5. a4 Nc6 6. Bc4 e6 7. Ba2 Be7 8. 0-0 Qb6 9. Kh1 Ng4 10. Ne2 Nb4 11. Bb1 c4 12. Qe1 d5 13. exd5 Nxd5 14. Nfd4 Bc5 15. c3 0-0 16. Qg3 Ngf6 17. d3 cxd3 18. Bxd3 Bd7 19. f5 e5 20. Bh6 Nh5 21. Qg5 Qxh6 22. Qxh6 gxh6 23. Nb3 Bd6 24. c4 Ndf6 25. Nd2 Rfe8 26. Ne4 Nxe4 27. Bxe4 Rab8 28. f6 Rec8 29. g3 Rxc4 30. Bf3 Nxf6 31. Bxb7 Rxb7 32. Rxf6 Bc5 33. a5 Rxb2 34. Nc1 Bh3 35. Rf2 Rxf2 36. Kg1 Rfc2+ 37. Kh1 Bg2# 0-1